000 00285nam a22001337a 4500
008 170413b xxu||||| |||| 00| 0 eng d
020 _aA102892
041 _aeng
080 _a612.39
100 _a10
101 _aSHM
245 _aMICROWAVE COOKIN
_cRADARANGE, A
942 _2udc
_cBK
999 _c10683
_d10683